Aprendo matemáticas con María Pascual / (Registro nro. 11885)
[ vista simple ]
| 000 -LIDER | |
|---|---|
| fixed length control field | 00771nam a2200229 4500 |
| 003 - IDENTIFICACDOR DE NÚMERO DE CONTROL | |
| control field | DO-SdBPM |
| 005 - DATE AND TIME OF LATEST TRANSACTION | |
| control field | 20250602103545.0 |
| 008 - ELEMENTOS DE LONGITUD FIJA | |
| fixed length control field | 161110b2007 sp a|||| 00| 0 spa d |
| 020 ## - ISBN | |
| International Standard Book Number | 9788449435638 |
| 040 ## - FUENTE DE CATALOGACIÓN | |
| Agencia que crea de manera original el registro | DO-SdBPM |
| Idioma de catalogación | spa |
| Agencia que realiza la transcripción | BPMSU |
| 082 #4 - NÚMERO DE CLASIFICACIÓN DECIMAL DE DEWEY | |
| Classification number | 510.7 |
| Item number | C975a 2007 |
| Edition number | 22 |
| 100 1# - ASIENTO PRINCIPAL -- NOMBRE PERSONAL | |
| Nombre personal | Curell, Anna Biosca |
| 245 10 - MENCIÓN DE TITULO | |
| Título | Aprendo matemáticas con María Pascual / |
| Mención de responsabilidad | Anna Biosca Curell ; ilustración María Pascual; dirección José Gay |
| 260 ## - PUBLICACIÓN, DISTRIBUCIÓN, ETC. (PIE DE IMPRENTA) | |
| Lugar de publicación, distribución, etc | Barcelona : |
| Nombre del editor, distribuidor, etc. | Oceano, |
| Fecha de publicación, distribución, etc | 2007 |
| 300 ## - DESCRIPCIÓN FÍSICA | |
| Extensión | 2 v. : |
| Otros detalles físicos | il. ; |
| Dimensiones | 29 cm |
| 590 ## - NOTA LOCAL | |
| Texto de la nota local | Inventariado, 2025/VM |
| 650 #4 - ENCABEZAMIENTO DE MATERIA--TEMÁTICO | |
| Término temático o nombre geográfico como elemento de entrada | Matemáticas |
| Subdivisión temática general | Enseñanza primaria. |
| 650 #4 - ENCABEZAMIENTO DE MATERIA--TEMÁTICO | |
| Término temático o nombre geográfico como elemento de entrada | Matemáticas |
| Subdivisión temática general | Enseñanza primaria |
| Subdivisión de forma | Libros de texto. |
| 710 2# - ASIENTO SECUNDARIO -- NOMBRE CORPORATIVO | |
| Nombre corporativo o de jurisdicción | Océano |
| 910 ## - VALIDACIÓN | |
| Validación | VMateo V. Control de calidad. BPMSU |
| 942 ## - ADDED ENTRY ELEMENTS (KOHA) | |
| Source of classification or shelving scheme | Dewey Decimal Classification |
| Koha item type | Libros |
| Withdrawn status | Lost status | Source of classification or shelving scheme | Damaged status | Not for loan | Collection code | Home library | Current library | Date acquired | Source of acquisition | Total Checkouts | Full call number | Barcode | Date last seen | Copy number | Price effective from | Koha item type |
|---|---|---|---|---|---|---|---|---|---|---|---|---|---|---|---|---|
| Dewey Decimal Classification | Colección Infantil General | Biblioteca Pública Metropolitana Salomé Ureña | Biblioteca Pública Metropolitana Salomé Ureña | 11/10/2016 | Compra | BPMSU CGI 510.7 C975a 2007 | BPMSU16111160 | 11/10/2016 | v.1 | 11/10/2016 | Libros | |||||
| Dewey Decimal Classification | Colección Infantil General | Biblioteca Pública Metropolitana Salomé Ureña | Biblioteca Pública Metropolitana Salomé Ureña | 11/10/2016 | Compra | BPMSU CGI 510.7 C975a 2007 | BPMSU16111161 | 11/10/2016 | v.2 | 11/10/2016 | Libros |